000 00351nam a2200145Ia 4500
005 20260328104339.0
008 260328s9999||||xx |||||||||||||| ||und||
100 _aPauwels, Louis
245 0 _aEnciclopedia Horizontal /
_cLouis Pauwels
250 _a1a ed.
260 _bPlaza & Janés
300 _a254 p.
650 _aARQUITECTOS
942 _cBK
999 _c12034
_d12034